[Event "Belgrade Trophy 21st"]
[Site "Obrenovac"]
[Date "2008.12.04"]
[Round "8"]
[White "Brujic, Bozidar"]
[Black "Ilic, Zoran"]
[Result "1/2-1/2"]
[WhiteElo "2208"]
[BlackElo "2290"]
[PlyCount "83"]
[EventDate "2008.11.27"]
[EventType "swiss"]
[EventRounds "9"]
[EventCountry "YUG"]
[SourceTitle "CBM 127 Extra"]
[Source "ChessBase"]
[SourceDate "2009.01.08"]
[SourceVersion "2"]
[SourceVersionDate "2009.01.28"]
[SourceQuality "1"]

1. e4 c5 2. Nf3 d6 3. d4 cxd4 4. Nxd4 Nf6 5. Nc3 a6 6. g3 e6 7. Bg2 Qc7 8. 0-0 Be7 9. a4 0-0 10. a5 Nc6 11. Nb3 Ne5 12. Qe2 Bd7 13. f4 Nc4 14. e5 Ne8 15. exd6 Nexd6 16. f5 Bf6 17. fxe6 fxe6 18. Bf4 g5 19. Bc1 h6 20. Ne4 Nxe4 21. Qxe4 Bg7 22. Rd1 Rab8 23. Nd4 e5 24. Qd5+ Kh8 25. Ne6 Bxe6 26. Qxe6 Qc5+ 27. Kh1 Rbd8 28. Bxg5 Rxd1+ 29. Rxd1 Nxb2 30. Rb1 Qxc2 31. Rc1 Qh7 32. Be7 Re8 33. Bxb7 Qg8 34. Qd7 e4 35. Bc6 Rc8 36. Bg5 Nd3 37. Bd5 Rxc1+ 38. Bxc1 Qf8 39. Bf4 Nxf4 40. gxf4 Qxf4 41. Qf7 Qxf7 42. Bxf7 1/2-1/2